Estadísticas para Prueba rápida de matemáticas - prueba corta de matemáticas - Quiz 13

Haz click aquí para intentar la prueba.

Estadísticas generales

  • Esta prueba ha sido intentada 10 veces
  • La puntuación promedio es 13 de 15

Estadísticas de respuestas

HintRespuesta% Correcto
144 : 12 =12
100%
76 + 79 =155
100%
480 - 139 =341
100%
66 x 6 =396
100%
445 + 56 =501
100%
188 - 99 =89
100%
500 : 4 =125
89%
13 x 13 =169
89%
96 + 79 =175
89%
89 x 5 =445
89%
4 x 14 =56
89%
675 - 189 =486
78%
696 : 4 =174
67%
765 - 489 =276
67%
276 : 4 =69
67%

Distribución de puntuación

Porcentaje por número respondido

Porcentaje de gente con cada puntuación

Historial de tus puntuaciones

No has intentado esta prueba.